| 000 | 00732nam a2200241 a 4500 | ||
|---|---|---|---|
| 001 | 19283 | ||
| 003 | BD-RjUL | ||
| 005 | 20211209000417.0 | ||
| 008 | 140223s1971 ja a 001 0 eng d | ||
| 035 | _a(BD-RjUL)19341 | ||
| 040 |
_aDLC _cDLC _dEQO _dBD-RjUL _beng |
||
| 041 | 1 |
_aeng _hjpn |
|
| 082 |
_a792.952 _bTOH |
||
| 100 | 1 |
_aToshio, Kawatake _d1914- _951180 |
|
| 245 | 1 | 2 |
_aA history of Japanese theater / _cKawatake Toshio |
| 260 |
_aTokyo : _bKokusai Bunka Shinkokai, _c1971. |
||
| 300 |
_av, 163 p : _billus. ; _c25 cm |
||
| 490 | 1 | _aSeries on Japanese life and culture | |
| 504 | _aIncludes index. | ||
| 650 | 0 |
_aTheater _zJapan _xHistory _950505 |
|
| 830 | 0 |
_aSeries on Japanese life and culture _993310 |
|
| 942 |
_2ddc _cBK |
||
| 999 |
_c19283 _d19283 |
||